000
00318nam a2200109Ia 4500
008
171211s9999 xx 000 0 und d
245
_a
80,000 Hours: Find a fulfilling career that does good
245
_c
Benjamin J Todd
260
_c
2016
650
_x
BUSINESS
856
_u
http://down.ebook777.com/063/1537324004.pdf
999
_c
349446
_d
349446